| 000 | 00977nam a2200313 4500 | ||
|---|---|---|---|
| 001 | 74435 | ||
| 005 | 20260408110258.0 | ||
| 010 | _a9789895835614 | ||
| 021 |
_aPT _b543104/25 |
||
| 090 | _a74435 | ||
| 100 | _a20250314d2025 m y0pory50030103ba | ||
| 101 | 1 |
_apor _cspa |
|
| 102 | _aPT | ||
| 105 | _ay z 000yy | ||
| 106 | _ar | ||
| 200 | 1 |
_aEstive aqui e lembrei-me de nós _euma história sobre turismo, trabalho e classe _fAnna Pacheco _gtrad. Rita Custódio, Àlex Tarradellas |
|
| 210 | 9 |
_aLisboa _cObjectiva _d2025 |
|
| 215 | _a125 p. | ||
| 225 | 2 |
_aObjetivamente _v2 |
|
| 304 | _aTít. orig.: Estuve aquí y me acordé de nosotros | ||
| 675 |
_a316.7"20":070 _vBN _zpor |
||
| 675 |
_a338.48"20":070 _vBN _zpor |
||
| 675 |
_a640.41/.42"20":070 _vBN _zpor |
||
| 675 |
_a331.1/.4"20":070 _vBN _zpor |
||
| 700 |
_aPacheco _bAnna _f1991- _954361 |
||
| 702 | 1 |
_aCustódio _bRita _f1980- _4730 _951809 |
|
| 702 | 1 |
_aTarradellas _bÀlex _f1982- _4730 _951810 |
|
| 801 | 0 |
_aPT _bBN _gRPC |
|
| 942 | _cMON | ||